00708nam a2200229 a 4500001001300000003000900013005001700022008004100039020002300080082001400103100001900117245005300136260003700189300000900226500003500235650001800270700001900288902000800307942000700315952013900322999001700461nice12345678IN_TiNIC20260116014347.0100329s2006 seca grp 000 0 eng  a9788173629518c22500a225bPHI2 aPhillips, John aExploring People of the Old Testament (volume 1) aSec-Bad bAuthentic Books c2006 a298p aincludes index and biblioraphy aOld Testament1 aPhillips, John bSRS cBK 001040708StackRoom-aHMIbHMId2010-04-13g225.00l2o225 PHI2p023240q2026-02-24r2026-02-10s2026-02-10v225.00w2010-03-29yBK c14978d14978